| 000 | 00541nam a2200205Ia 4500 | ||
|---|---|---|---|
| 005 | 20251020182549.0 | ||
| 008 | 200515s9999 xx 000 0 und d | ||
| 082 | _a930.3(85)/P45 | ||
| 110 | _aMinisterio de Educación | ||
| 245 | 0 | _aGuía metodológica de las fichas de Ciencias Históricos Sociales : 3er grado de Educación Básica Regular | |
| 260 | _aLima | ||
| 260 | _c1974 | ||
| 300 | _a62 | ||
| 650 | _aCIENCIAS SOCIALES | ||
| 650 | _aGUIAS | ||
| 650 | _aHISTORIA | ||
| 650 | _aLIB | ||
| 650 | _aMETODOLOGIA | ||
| 942 | _cLIB | ||
| 999 |
_c2644 _d2644 |
||